| 000 | 00627nam a2200205 a 4500 | ||
|---|---|---|---|
| 999 |
_c3556 _d3556 |
||
| 001 | 3556 | ||
| 003 | BD-JhCC | ||
| 005 | 20171114202419.0 | ||
| 008 | 171114s1964 bg |||| |||| 000 0 ben d | ||
| 035 | _a(BD-JhCC) | ||
| 040 |
_aBD-JhCC _dBD-JhCC |
||
| 041 | _aben | ||
| 082 |
_a923.1 _bAHA 1964 |
||
| 100 | _aআহমদ, আবুযযোহা নূর | ||
| 245 |
_aশহীদ তিতুমীর / _cআবুযযোহা নূর আহমদ |
||
| 260 |
_aঢাকা: _bআহমদ পাবলিশিং হাউস; _c১৯৬৪ |
||
| 300 |
_a45 p.; _c14 cm |
||
| 650 | _aBiography | ||
| 942 |
_2ddc _cBK |
||